| 000 | 00734nam a2200277Ia 4500 | ||
|---|---|---|---|
| 001 | Z_1271 | ||
| 003 | CHAP | ||
| 008 | 220113s1985 xx 000 0 und d | ||
| 010 | _a164359 | ||
| 040 | _cCHAP | ||
| 082 | _a590.72 W4 | ||
| 100 |
_aWhyte, L D _9121800 |
||
| 245 |
_aBasic animal science : a laboratory manual / _cby L. D. Whyte, A. M. Sorensen and W. T. Berry |
||
| 260 |
_aBoston, Ma. : _bAmerican Press, _c1985 |
||
| 300 | _a216 p. ; ilus | ||
| 440 | _a | ||
| 500 | _a | ||
| 503 | _aC/E | ||
| 650 |
_aZoologĂa _xManuales de laboratorio I. Sorensen, A. M. II. Berry, W. T. III.t. _9138509 |
||
| 901 | _a590.72 W4 | ||
| 902 | _aA | ||
| 910 | _a1985 | ||
| 942 | _c1 | ||
| 942 | _cc1 | ||
| 999 |
_c164359 _d164359 |
||